Acta Facultatis Iuridicae Universitatis Comenianae
Uložené v:
| Korporativný autor: | |
|---|---|
| Médium: | Kniha |
| Jazyk: | Slovak |
| Vydavateľské údaje: |
Bratislava
Slovenské pedagogické nakladateľstvo
1990
|
| Vydanie: | 1. vyd. |
| Tagy: |
Žiadne tagy, Buďte prvý, kto otaguje tento záznam!
|
MARC
| LEADER | 00000nam a2200000 4500 | ||
|---|---|---|---|
| 001 | c033049 | ||
| 005 | 20250813095009.1 | ||
| 041 | 0 | |a slo | |
| 044 | |a SK | ||
| 245 | 1 | 0 | |a Acta Facultatis Iuridicae Universitatis Comenianae |
| 250 | |a 1. vyd. | ||
| 264 | 1 | |a Bratislava |b Slovenské pedagogické nakladateľstvo |c 1990 | |
| 300 | |a 121 s. | ||
| 710 | 2 | |a Univerzita Komenského v Bratislave. Právnická fakulta | |